Mickey, mistérios no mar (Registo nº 1794)

Detalhes MARC
000 -Etiqueta do registo
Cabeçalho 00817nam a22002651 4500
005 - Identificador da versão
Campo de controlo 20240827103313.0
021 ## - Número do Depósito Legal
Código do país PT
Número 12621/86
100 ## - Dados gerais de processamento
Dados gerais de processamento 20070509d1986 cd y0pory5003 ba
101 1# - Língua de publicação
Língua do texto, banda sonora, etc. Português
Língua do documento no original Inglês
102 ## - Pais de publicação ou produção
País de publicação Portugal
105 ## - Campo de dados codificados: livros
Dados codificados dos livros a t 001ay
200 1# - Titulo e menção de responsabilidade
Título próprio Mickey, mistérios no mar
Primeira menção de responsabilidade P. Cothias... [et al.]
Outras menções de responsabilidade des. L. Gatlo, Genclo, C. Marin
-- trad. Ana Clara Eiró
210 ## - Publicação, Distribuição, etc. 
Lugar da edição, distribuição, etc. Lisboa
Nome do editor, distribuidor, etc. Verbo
Data da publicação, distribuição, etc. D.L. 1986
215 ## - Descrição física 
Indicação específica da natureza do documento e extensão da espécie 47 p.
Outras indicações físicas todo il.
Dimensões 30 cm
225 2# - Colecção 
Título próprio da colecção As grandes aventuras
Indicação de volume 2
606 ## - Nome comum usado como assunto
Número de registo de entrada de autoridade 0000243
Palavra de ordem Literatura estrangeira infantil
Subdivisão de assunto Banda desenhada
675 ## - Classificação Decimal Universal (CDU)
Notação 82-9
Edição
Língua da edição por
700 #1 - Nome de autor-pessoa física (responsabilidade principal)
Número de registo de entrada de autoridade 0000307
Palavra de ordem Cothias
Outra parte do nome não tomada para palavra de ordem P.
702 #1 - Nome de autor-pessoa física (responsabilidade secundária)
Número de registo de entrada de autoridade 0000308
Palavra de ordem Gatlo
Outra parte do nome não tomada para palavra de ordem L.
Código de função Ilustrador / Técnico de desenho computorizado
Número de registo de entrada de autoridade 0000309
Palavra de ordem Genclo
Código de função Ilustrador / Técnico de desenho computorizado
Número de registo de entrada de autoridade 0000310
Palavra de ordem Marin
Outra parte do nome não tomada para palavra de ordem C.
Código de função Ilustrador / Técnico de desenho computorizado
Número de registo de entrada de autoridade 0000311
Palavra de ordem Eiró
Outra parte do nome não tomada para palavra de ordem Ana Clara
Código de função Tradutor
942 ## - Elementos de entrada adicionados (Koha)
Tipo de item no Koha Livro
Exemplares
Situação do levantamento Origin of item (home branch) (coded) Biblioteca de empréstimo Código de barras Cota Circulation type (not for loan) Tipo de documento Nota do exemplar Damaged status
  Biblioteca Escolar da Coca Maravilhas Biblioteca Escolar da Coca Maravilhas BECM94/90 8BD MIC   Livro Sem mensagem